=LDR 00000nam 2200000 4500 =001 INLIS000000000015853 =005 20130612111127 =008 ***********************************Ind** =035 ##$$0010-061300000015853 =041 ##$$a Ind =082 ##$$a 372. 8 =090 ##$$a 372. 8, Rah p =100 ##$$a Rahim, Abdul =245 ##$$a Pengetahuan dan latihan Peta Buta CBSA 2, untuk kelas 5 SD berdasarkan kurikulum yang disempurnakan , Abdul Rahim =260 ##$$a 1994 $b Jakarta =300 ##$$a 80 hlm., ilm., 20 cm =650 ##$$a Pendidikan dasar - Ilmu bumi =850 ##$$a NBPNMAT